[Event "SUI-chT"]
[Site "Switzerland"]
[Date "2014.06.15"]
[Round "4.8"]
[White "Kuemin, Simon"]
[Black "Ollenberger, Roland"]
[Result "1/2-1/2"]
[WhiteElo "2382"]
[BlackElo "2222"]
[PlyCount "102"]
[EventDate "2014.03.16"]
[EventType "team-tourn"]
[EventRounds "9"]
[EventCountry "SUI"]
[SourceTitle "EXT 2015"]
[Source "ChessBase"]
[SourceDate "2014.11.20"]
[SourceVersion "1"]
[SourceVersionDate "2014.11.20"]
[SourceQuality "1"]
[WhiteTeam "Reti"]
[BlackTeam "Bern Schwarz Weiss"]
[WhiteTeamCountry "SUI"]
[BlackTeamCountry "SUI"]

1. Nf3 d5 2. g3 h6 3. c4 c6 4. Bg2 Nf6 5. 0-0 Bf5 6. Qb3 Qb6 7. d3 Qxb3 8. axb3 e6 9. Nc3 Nbd7 10. cxd5 exd5 11. e4 dxe4 12. dxe4 Be6 13. Nd4 Nc5 14. b4 Nb3 15. Nxe6 fxe6 16. Ra4 a5 17. e5 Nd5 18. Nxd5 cxd5 19. Bh3 Bxb4 20. Bxe6 Nc5 21. Rxb4 axb4 22. Bxd5 0-0-0 23. Bc4 Nd3 24. Bd2 Rhe8 25. Bxd3 Rxd3 26. Bxb4 Rxe5 27. Bc3 Re7 28. f4 Kd7 29. f5 Rde3 30. f6 gxf6 31. Rxf6 R7e6 32. Rxe6 Kxe6 33. Kf2 Rd3 34. Ke2 Rd5 35. g4 Rb5 36. Kf3 Rc5 37. h4 Rc4 38. Bg7 Kf7 39. Bxh6 Rc2 40. h5 Rxb2 41. Bf4 b5 42. g5 Rb1 43. Be3 Rh1 44. Kg4 b4 45. g6+ Kg8 46. h6 Rd1 47. h7+ Kg7 48. Bh6+ Kh8 49. Bf8 Rg1+ 50. Kh5 Rh1+ 51. Kg5 Rxh7 1/2-1/2

[Event "SUI-chT"]
[Site "Switzerland"]
[Date "2012.10.21"]
[Round "9.6"]
[White "Grandadam, Nicolas"]
[Black "Kuemin, Simon"]
[Result "1/2-1/2"]
[WhiteElo "2337"]
[BlackElo "2381"]
[PlyCount "43"]
[EventDate "2012.03.18"]
[EventType "team-tourn"]
[EventRounds "9"]
[EventCountry "SUI"]
[SourceTitle "EXT 2013"]
[Source "ChessBase"]
[SourceDate "2012.11.22"]
[SourceVersion "1"]
[SourceVersionDate "2012.11.22"]
[SourceQuality "1"]
[WhiteTeam "Riehen"]
[BlackTeam "Reti"]
[WhiteTeamCountry "SUI"]
[BlackTeamCountry "SUI"]

1. Nf3 c5 2. c4 Nf6 3. Nc3 g6 4. d4 cxd4 5. Nxd4 Nc6 6. e4 Bg7 7. Be3 0-0 8. Be2 Nxd4 9. Bxd4 d6 10. 0-0 Bd7 11. Qd2 Bc6 12. f3 Nd7 13. Be3 a5 14. Rab1 Nc5 15. b3 Qb6 16. Rfc1 Rfc8 17. Rc2 Qd8 18. Bf1 h5 19. Qe1 Kh7 20. a3 Qh8 21. Kh1 Bd4 22. Bxd4 1/2-1/2

[Event "SUI-chT"]
[Site "Switzerland"]
[Date "2012.04.29"]
[Round "3.8"]
[White "Kuemin, Simon"]
[Black "Riff, Vincent"]
[Result "1/2-1/2"]
[WhiteElo "2381"]
[BlackElo "2282"]
[PlyCount "26"]
[EventDate "2012.03.18"]
[EventType "team-tourn"]
[EventRounds "9"]
[EventCountry "SUI"]
[SourceTitle "EXT 2013"]
[Source "ChessBase"]
[SourceDate "2012.11.22"]
[SourceVersion "1"]
[SourceVersionDate "2012.11.22"]
[SourceQuality "1"]
[WhiteTeam "Reti"]
[BlackTeam "Reichenstein"]
[WhiteTeamCountry "SUI"]
[BlackTeamCountry "SUI"]

1. d4 d5 2. c4 c6 3. Nf3 Nf6 4. e3 g6 5. Nc3 Bg7 6. Bd3 0-0 7. 0-0 Be6 8. Qe2 dxc4 9. Bxc4 Bxc4 10. Qxc4 Nbd7 11. Rd1 Qc8 12. e4 b5 13. Qe2 Nb6 1/2-1/2

[Event "SUI-chT"]
[Site "Switzerland"]
[Date "2008.03.02"]
[Round "1.2"]
[White "Pikula, Dejan"]
[Black "Kuemin, Simon"]
[Result "1-0"]
[WhiteElo "2530"]
[BlackElo "2360"]
[PlyCount "71"]
[EventDate "2008.03.02"]
[EventType "team-tourn"]
[EventRounds "9"]
[EventCountry "SUI"]
[SourceTitle "CBM 123 Extra"]
[Source "ChessBase"]
[SourceDate "2008.05.06"]
[SourceVersion "1"]
[SourceVersionDate "2008.05.06"]
[SourceQuality "1"]
[WhiteTeam "Gligoric"]
[BlackTeam "Bern"]
[WhiteTeamCountry "SUI"]
[BlackTeamCountry "SUI"]

1. e4 c5 2. Nf3 d6 3. c3 Nf6 4. Be2 Bd7 5. d3 Bc6 6. 0-0 Nbd7 7. Nbd2 e6 8. Re1 Be7 9. Bf1 Ne5 10. Qc2 Nxf3+ 11. Nxf3 Rc8 12. d4 cxd4 13. Nxd4 Bd7 14. Qb3 Qc7 15. Nb5 Qb8 16. Bf4 e5 17. Bg5 a6 18. Na3 b5 19. Qd1 Be6 20. Nc2 Nd7 21. Bxe7 Kxe7 22. Qc1 Rhd8 23. a4 Nc5 24. axb5 axb5 25. Ra5 Bc4 26. Qg5+ Kf8 27. Qh4 Kg8 28. Ne3 Bxf1 29. Rxf1 Kh8 30. Nd5 Qb7 31. Rfa1 Ra8 32. h3 h6 33. Ra7 Rxa7 34. Qxd8+ Kh7 35. Rxa7 Qxa7 36. Ne7 1-0

[Event "Basel Hilton op 09th"]
[Site "Basel"]
[Date "2007.01.07"]
[Round "7"]
[White "Kuemin, Simon"]
[Black "Gonda, Laszlo"]
[Result "1-0"]
[WhiteElo "2367"]
[BlackElo "2511"]
[PlyCount "71"]
[EventDate "2007.01.01"]
[EventType "swiss"]
[EventRounds "7"]
[EventCountry "SUI"]
[SourceTitle "CBM 116 Extra"]
[Source "ChessBase"]
[SourceDate "2007.03.07"]
[SourceVersion "1"]
[SourceVersionDate "2007.03.07"]
[SourceQuality "1"]

1. e4 e5 2. Nf3 Nc6 3. Bb5 Nf6 4. d3 d6 5. 0-0 Be7 6. h3 0-0 7. Re1 a6 8. Ba4 Re8 9. c3 Bf8 10. Nbd2 b5 11. Bb3 Na5 12. Bc2 c5 13. d4 g6 14. d5 c4 15. b4 cxb3 16. axb3 Bd7 17. b4 Nc4 18. Nxc4 bxc4 19. Ra5 Bb5 20. Ba4 Qb8 21. Bg5 Nd7 22. Nh2 f6 23. Be3 Be7 24. Qg4 Nf8 25. Bxb5 axb5 26. Rea1 Rxa5 27. Rxa5 Bd8 28. Ra6 Bc7 29. Qf3 Nd7 30. Ng4 Rf8 31. Nh6+ Kh8 32. Qg4 f5 33. exf5 gxf5 34. Nxf5 Rg8 35. Qh5 Qc8 36. Qf7 1-0

[Event "Basel Hilton op 09th"]
[Site "Basel"]
[Date "2007.01.05"]
[Round "5"]
[White "Vajda, Levente"]
[Black "Kuemin, Simon"]
[Result "1-0"]
[WhiteElo "2545"]
[BlackElo "2367"]
[PlyCount "53"]
[EventDate "2007.01.01"]
[EventType "swiss"]
[EventRounds "7"]
[EventCountry "SUI"]
[SourceTitle "CBM 116 Extra"]
[Source "ChessBase"]
[SourceDate "2007.03.07"]
[SourceVersion "1"]
[SourceVersionDate "2007.03.07"]
[SourceQuality "1"]

1. e4 e6 2. d4 d5 3. Nd2 c5 4. Ngf3 Nf6 5. e5 Nfd7 6. c3 Nc6 7. Bd3 Be7 8. a3 a5 9. 0-0 cxd4 10. cxd4 Qb6 11. Re1 g5 12. h3 h5 13. Nf1 g4 14. hxg4 hxg4 15. N3h2 Qxd4 16. Nxg4 f5 17. exf6 Nxf6 18. Nfh2 Nxg4 19. Nxg4 Rh4 20. Bg6+ Kd8 21. Qxd4 Nxd4 22. Ne5 Nc6 23. Nf3 Rg4 24. Bf7 Ra6 25. Bxe6 Bxe6 26. Rxe6 Kd7 27. Rxc6 1-0

[Event "Basel Hilton op 09th"]
[Site "Basel"]
[Date "2007.01.04"]
[Round "4"]
[White "Kuemin, Simon"]
[Black "Hoffmann, Michael"]
[Result "1/2-1/2"]
[WhiteElo "2367"]
[BlackElo "2478"]
[PlyCount "44"]
[EventDate "2007.01.01"]
[EventType "swiss"]
[EventRounds "7"]
[EventCountry "SUI"]
[SourceTitle "CBM 116 Extra"]
[Source "ChessBase"]
[SourceDate "2007.03.07"]
[SourceVersion "1"]
[SourceVersionDate "2007.03.07"]
[SourceQuality "1"]

1. d4 Nf6 2. Bg5 e6 3. e4 h6 4. Bxf6 Qxf6 5. c3 d6 6. Bd3 e5 7. Ne2 Nc6 8. d5 Nb8 9. 0-0 Qd8 10. f4 Nd7 11. Nd2 Be7 12. Nc4 exf4 13. Nxf4 0-0 14. Nh5 g6 15. Ng3 Bf6 16. Qd2 Bg7 17. Rae1 Qg5 18. Qxg5 hxg5 19. Ne2 Ne5 20. Nxe5 Bxe5 21. Nd4 Bg4 22. Nf3 Bxf3 1/2-1/2

[Event "Bern Hotel op 1st"]
[Site "Bern"]
[Date "2006.12.26"]
[Round "3"]
[White "Kuemin, Simon"]
[Black "Delmonico, Nils"]
[Result "1-0"]
[WhiteElo "2368"]
[BlackElo "1974"]
[PlyCount "49"]
[EventDate "2006.12.26"]
[EventType "swiss"]
[EventRounds "7"]
[EventCountry "SUI"]
[SourceTitle "CBM 116 Extra"]
[Source "ChessBase"]
[SourceDate "2007.03.07"]
[SourceVersion "1"]
[SourceVersionDate "2007.03.07"]
[SourceQuality "1"]

1. d4 Nf6 2. c4 g6 3. Nc3 Bg7 4. e4 d6 5. h3 0-0 6. Be3 Na6 7. Nf3 e5 8. d5 Nc5 9. Nd2 a5 10. a3 a4 11. Bxc5 dxc5 12. Nxa4 b6 13. Be2 Ne8 14. b4 Bd7 15. Nc3 f5 16. bxc5 bxc5 17. Nb3 fxe4 18. Nxe4 Nd6 19. Nbxc5 Nxe4 20. Nxe4 Qh4 21. Bd3 Ra4 22. 0-0 Qe7 23. Bc2 Rxc4 24. Bb3 Ba4 25. Bxc4 1-0

[Event "Bern Hotel op 1st"]
[Site "Bern"]
[Date "2006.12.26"]
[Round "4"]
[White "Kuemin, Simon"]
[Black "Djuric, Stefan"]
[Result "0-1"]
[WhiteElo "2368"]
[BlackElo "2468"]
[PlyCount "82"]
[EventDate "2006.12.26"]
[EventType "swiss"]
[EventRounds "7"]
[EventCountry "SUI"]
[SourceTitle "CBM 116 Extra"]
[Source "ChessBase"]
[SourceDate "2007.03.07"]
[SourceVersion "1"]
[SourceVersionDate "2007.03.07"]
[SourceQuality "1"]

1. d4 Nf6 2. c4 g6 3. Nc3 Bg7 4. e4 0-0 5. h3 d6 6. Nf3 Nbd7 7. Be3 e5 8. d5 Nc5 9. Nd2 Ne8 10. b4 Na6 11. a3 f5 12. Nf3 Nf6 13. Bd3 c5 14. dxc6 bxc6 15. b5 f4 16. Bc1 Nc5 17. 0-0 cxb5 18. cxb5 Be6 19. Ng5 Bb3 20. Bc2 Bc4 21. Na4 Nfd7 22. Nf3 Bxf1 23. Nxc5 Nxc5 24. Qd5+ Kh8 25. Kxf1 a6 26. bxa6 Rxa6 27. Bd2 Qa8 28. Qxa8 Rfxa8 29. Bb4 Rc6 30. Rd1 Bf6 31. Bd3 Nxd3 32. Rxd3 Rd8 33. Rd5 Kg7 34. Ke2 Kf7 35. Kd3 Ke6 36. Nd2 Rdc8 37. Nb3 Be7 38. a4 Rc2 39. Nd2 Ra2 40. a5 Rc1 41. Ke2 Rc4 0-1

[Event "Oberliga Baden 0607"]
[Site "Germany"]
[Date "2006.10.15"]
[Round "1.2"]
[White "Schwalfenberg, Joerg"]
[Black "Kuemin, Simon"]
[Result "1/2-1/2"]
[WhiteElo "2324"]
[BlackElo "2389"]
[PlyCount "117"]
[EventDate "2006.10.15"]
[EventType "team-tourn"]
[EventRounds "9"]
[EventCountry "GER"]
[SourceTitle "CBM 115 Extra"]
[Source "ChessBase"]
[SourceDate "2007.01.10"]
[SourceVersion "1"]
[SourceVersionDate "2007.01.10"]
[SourceQuality "1"]
[WhiteTeam "Heidelberg"]
[BlackTeam "Zaehringen"]
[WhiteTeamCountry "GER"]
[BlackTeamCountry "GER"]

1. d4 c5 2. e4 cxd4 3. c3 dxc3 4. Nxc3 e6 5. Bc4 a6 6. Nf3 b5 7. Bb3 Bb7 8. Qe2 d6 9. 0-0 Nd7 10. a3 Be7 11. Rd1 Ngf6 12. Bf4 Qb8 13. Rd2 0-0 14. Rad1 Ne5 15. Nd4 Rc8 16. Bg3 Rxc3 17. bxc3 Nxe4 18. Rc2 Nc5 19. Ba2 Be4 20. Rcd2 Bf6 21. f3 Bg6 22. f4 Ne4 23. fxe5 dxe5 24. Nf3 Nxc3 25. Qe3 Nxd1 26. Rxd1 Qf8 27. Bxe5 Rd8 28. Rxd8 Qxd8 29. h3 Qd1+ 30. Kh2 Bxe5+ 31. Nxe5 Qd6 32. Qg3 Bc2 33. Qc3 g6 34. g3 Qd1 35. Ng4 Qe2+ 36. Kg1 Bd3 37. Qc8+ Kg7 38. Qc3+ Kg8 39. Nf6+ Kf8 40. Nxh7+ Kg8 41. Nf6+ Kf8 42. Qc5+ Kg7 43. Ne8+ Kg8 44. Qf2 Qd1+ 45. Kh2 Qc1 46. Nf6+ Kg7 47. Nd7 Qxa3 48. Qd4+ Kg8 49. Nf6+ Kf8 50. Qc5+ Qxc5 51. Nd7+ Ke7 52. Nxc5 Bc4 53. Bxc4 bxc4 54. Nxa6 f5 55. Kg2 c3 56. Nb4 Kd6 57. Kf3 Kc5 58. Nc2 Kc4 59. Ke3 1/2-1/2

[Event "SUI-chT"]
[Site "Switzerland"]
[Date "2006.10.01"]
[Round "9.3"]
[White "Kuemin, Simon"]
[Black "Wildi, Marcel"]
[Result "1-0"]
[WhiteElo "2369"]
[BlackElo "2284"]
[PlyCount "89"]
[EventDate "2006.02.26"]
[EventType "team-tourn"]
[EventRounds "9"]
[EventCountry "SUI"]
[SourceTitle "EXT 2007"]
[Source "ChessBase"]
[SourceDate "2006.11.23"]
[SourceVersion "1"]
[SourceVersionDate "2006.11.23"]
[SourceQuality "1"]
[WhiteTeam "Winterthur"]
[BlackTeam "Bodan"]
[WhiteTeamCountry "SUI"]
[BlackTeamCountry "SUI"]

1. d4 d6 2. c4 f5 3. g3 Nf6 4. Bg2 e5 5. Nf3 Nc6 6. d5 Ne7 7. Nc3 g6 8. e4 Bg7 9. Ng5 0-0 10. 0-0 h6 11. Ne6 Bxe6 12. dxe6 c6 13. b3 Ne8 14. Ba3 Rf6 15. c5 Rxe6 16. cxd6 Nxd6 17. Qc2 Qe8 18. Rad1 Rd8 19. Bh3 Qf8 20. Rd2 b6 21. Rfd1 c5 22. Nb5 Nc6 23. exf5 gxf5 24. Nxd6 Rexd6 25. Rxd6 Rxd6 26. Rxd6 Qxd6 27. Bxf5 Nd4 28. Qc4+ Kh8 29. Be4 Ne6 30. Bb2 Qd2 31. Bc3 Qd6 32. h4 Nd4 33. Kg2 Qe6 34. Qa6 Qd7 35. b4 Bf8 36. a3 Kg7 37. bxc5 Bxc5 38. a4 Qe7 39. Qc8 Qf8 40. Qg4+ Kf6 41. Qh5 Qg7 42. Bd2 Bf8 43. f4 Ke6 44. Qe8+ Qe7 45. f5+ 1-0

[Event "SUI-ch"]
[Site "Lenzerheide"]
[Date "2006.07.16"]
[Round "4"]
[White "Kuemin, Simon"]
[Black "Kortschnoj, Viktor Lvovich"]
[Result "0-1"]
[WhiteElo "2389"]
[BlackElo "2600"]
[PlyCount "70"]
[EventDate "2006.07.13"]
[EventType "tourn"]
[EventRounds "9"]
[EventCountry "SUI"]
[EventCategory "9"]
[SourceTitle "CBM 113 Extra"]
[Source "ChessBase"]
[SourceDate "2006.09.14"]
[SourceVersion "1"]
[SourceVersionDate "2006.09.14"]
[SourceQuality "1"]

1. d4 Nf6 2. c4 e6 3. g3 c5 4. Nf3 cxd4 5. Nxd4 d5 6. Bg2 e5 7. Nf3 d4 8. 0-0 Nc6 9. e3 Bg4 10. Qa4 Qd7 11. exd4 Bxf3 12. Bxf3 Nxd4 13. Qxd7+ Kxd7 14. Bd1 Rc8 15. Nd2 Bb4 16. Nf3 Nxf3+ 17. Bxf3 Rxc4 18. Bxb7 Rb8 19. Ba6 Rc6 20. Rd1+ Ke7 21. Bf1 Bc5 22. Bg2 Rcb6 23. b3 Ng4 24. Rd2 Rf6 25. Bb2 Rxf2 26. Rxf2 Bxf2+ 27. Kf1 Bd4 28. Bxd4 exd4 29. Re1+ Ne3+ 30. Kf2 Rc8 31. Be4 f5 32. Bd3 Kf6 33. Ke2 g5 34. Kd2 Ke5 35. Rg1 Rc6 0-1

[Event "Oberliga Baden 0506"]
[Site "Germany"]
[Date "2006.01.29"]
[Round "6.1"]
[White "Panzalovic, Srdjan"]
[Black "Kuemin, Simon"]
[Result "1-0"]
[WhiteElo "2429"]
[BlackElo "2373"]
[PlyCount "45"]
[EventDate "2005.10.23"]
[EventType "team-tourn"]
[EventRounds "9"]
[EventCountry "GER"]
[SourceTitle "EXT 2007"]
[Source "ChessBase"]
[SourceDate "2006.11.23"]
[SourceVersion "1"]
[SourceVersionDate "2006.11.23"]
[SourceQuality "1"]
[WhiteTeam "Lampertheim"]
[BlackTeam "Konstanz"]
[WhiteTeamCountry "GER"]
[BlackTeamCountry "GER"]

1. Nf3 c5 2. c4 Nc6 3. d4 cxd4 4. Nxd4 Nf6 5. g3 e6 6. Bg2 Qb6 7. Nb3 d5 8. cxd5 exd5 9. 0-0 Be7 10. Be3 Qd8 11. Nc3 Be6 12. Bc5 Bxc5 13. Nxc5 Qb6 14. N3a4 Qb5 15. Rc1 0-0 16. e3 Bg4 17. Qb3 Qxb3 18. Nxb3 Ne5 19. Nd4 Rfc8 20. h3 Rxc1 21. Rxc1 Rc8 22. Nc5 Be6 23. Rc3 1-0

[Event "Zug Young Masters 12th"]
[Site "Zug"]
[Date "2005.10.16"]
[Round "9"]
[White "Kuemin, Simon"]
[Black "Kurmann, Oliver"]
[Result "1/2-1/2"]
[WhiteElo "2373"]
[BlackElo "2287"]
[PlyCount "41"]
[EventDate "2005.10.08"]
[EventType "tourn"]
[EventRounds "9"]
[EventCountry "SUI"]
[EventCategory "4"]
[SourceTitle "CBM 108 Extra"]
[Source "ChessBase"]
[SourceDate "2005.11.04"]
[SourceVersion "1"]
[SourceVersionDate "2005.11.04"]
[SourceQuality "1"]

1. e4 e6 2. d4 d5 3. Nc3 Nf6 4. Bg5 Bb4 5. e5 h6 6. Bd2 Bxc3 7. bxc3 Ne4 8. Qg4 g6 9. Bd3 Nxd2 10. Kxd2 c5 11. h4 Nc6 12. Nf3 Qa5 13. Qf4 cxd4 14. h5 dxc3+ 15. Ke2 g5 16. Qf6 Rg8 17. Qxh6 g4 18. Ng5 Nxe5 19. Qf6 Qd8 20. Qxe5 Qxg5 21. Qxc3 1/2-1/2

[Event "Zug Young Masters 12th"]
[Site "Zug"]
[Date "2005.10.13"]
[Round "6"]
[White "Gasthofer, Alexander"]
[Black "Kuemin, Simon"]
[Result "1/2-1/2"]
[WhiteElo "2418"]
[BlackElo "2373"]
[PlyCount "20"]
[EventDate "2005.10.08"]
[EventType "tourn"]
[EventRounds "9"]
[EventCountry "SUI"]
[EventCategory "4"]
[SourceTitle "CBM 108 Extra"]
[Source "ChessBase"]
[SourceDate "2005.11.04"]
[SourceVersion "1"]
[SourceVersionDate "2005.11.04"]
[SourceQuality "1"]

1. Nf3 c5 2. g3 Nc6 3. d4 cxd4 4. Nxd4 g6 5. Bg2 Bg7 6. Nxc6 bxc6 7. c4 Rb8 8. Qc2 Qa5+ 9. Nd2 h5 10. h3 c5 1/2-1/2

[Event "Zug Young Masters 12th"]
[Site "Zug"]
[Date "2005.10.11"]
[Round "4"]
[White "Zenklusen, Rico"]
[Black "Kuemin, Simon"]
[Result "0-1"]
[WhiteElo "2340"]
[BlackElo "2373"]
[PlyCount "114"]
[EventDate "2005.10.08"]
[EventType "tourn"]
[EventRounds "9"]
[EventCountry "SUI"]
[EventCategory "4"]
[SourceTitle "CBM 108 Extra"]
[Source "ChessBase"]
[SourceDate "2005.11.04"]
[SourceVersion "1"]
[SourceVersionDate "2005.11.04"]
[SourceQuality "1"]

1. e4 c5 2. Nf3 Nc6 3. d4 cxd4 4. Nxd4 e5 5. Nb5 d6 6. a4 Be7 7. N1c3 a6 8. Na3 Be6 9. Bc4 Nf6 10. Bg5 0-0 11. Bxf6 Bxf6 12. 0-0 g6 13. Nd5 Bg7 14. c3 Kh8 15. Ne3 Bc8 16. Ba2 f5 17. Nac4 f4 18. Nd5 f3 19. g3 Qd7 20. Nde3 Qh3 21. Kh1 Be6 22. Nd2 Bg4 23. Re1 Bh6 24. Bc4 Bxe3 25. Bf1 Bxf2 26. Bxh3 Bxh3 27. Nxf3 Bxe1 28. Qd3 Bf2 29. Ng5 Bg4 30. h3 Bd7 31. Qxd6 Rad8 32. Qc7 Be3 33. Rd1 Bxg5 34. Rxd7 Rxd7 35. Qxd7 Nd8 36. Qd6 Re8 37. Qd7 Rf8 38. Qd6 Re8 39. Qd7 Re6 40. Kg2 Be7 41. b4 Kg7 42. c4 Kf6 43. b5 axb5 44. cxb5 b6 45. Qa7 Nf7 46. g4 Bb4 47. h4 Rd6 48. Qc7 Ba5 49. g5+ Kg7 50. Qe7 Be1 51. Kf3 Bxh4 52. a5 Bxg5 53. Qa7 Rd2 54. a6 Bf4 55. Qe7 h5 56. a7 g5 57. Qf8+ Kf6 0-1

[Event "Zug Young Masters 12th"]
[Site "Zug"]
[Date "2005.10.08"]
[Round "1"]
[White "Ragger, Markus"]
[Black "Kuemin, Simon"]
[Result "1/2-1/2"]
[WhiteElo "2433"]
[BlackElo "2373"]
[PlyCount "35"]
[EventDate "2005.10.08"]
[EventType "tourn"]
[EventRounds "9"]
[EventCountry "SUI"]
[EventCategory "4"]
[SourceTitle "CBM 108 Extra"]
[Source "ChessBase"]
[SourceDate "2005.11.04"]
[SourceVersion "1"]
[SourceVersionDate "2005.11.04"]
[SourceQuality "1"]

1. e4 c5 2. c3 e6 3. Nf3 d5 4. exd5 exd5 5. d4 Nf6 6. Be2 Nc6 7. 0-0 Bd6 8. Bg5 Be6 9. dxc5 Bxc5 10. Nbd2 h6 11. Bh4 0-0 12. Nb3 Bb6 13. a4 g5 14. Bg3 Ne4 15. Nfd4 a5 16. Bd3 Qf6 17. Nxe6 Nxg3 18. Nxf8 1/2-1/2

[Event "SUI-chT"]
[Site "Switzerland"]
[Date "2005.03.20"]
[Round "2.5"]
[White "Kuemin, Simon"]
[Black "Drabke, Lorenz Maximilian"]
[Result "1-0"]
[WhiteElo "2335"]
[BlackElo "2383"]
[PlyCount "67"]
[EventDate "2005.02.27"]
[EventType "team-tourn"]
[EventRounds "9"]
[EventCountry "SUI"]
[SourceTitle "EXT 2006"]
[Source "ChessBase"]
[SourceDate "2005.11.24"]
[SourceVersion "1"]
[SourceVersionDate "2005.11.24"]
[SourceQuality "1"]
[WhiteTeam "Winterthur"]
[BlackTeam "Reichenstein"]
[WhiteTeamCountry "SUI"]
[BlackTeamCountry "SUI"]

1. Nf3 d5 2. g3 c6 3. Bg2 Bg4 4. 0-0 Nd7 5. d3 e6 6. c4 Bxf3 7. Bxf3 dxc4 8. d4 Ngf6 9. Na3 Bxa3 10. bxa3 0-0 11. Rb1 Nd5 12. Qc2 b5 13. a4 a6 14. e4 N5b6 15. a5 Na4 16. e5 Rc8 17. Ba3 c5 18. Bb7 Rb8 19. Be4 g6 20. Rfd1 Qxa5 21. dxc5 Naxc5 22. Bb4 Qc7 23. Rd6 Nxe5 24. Rbd1 a5 25. Bc3 Ned3 26. Rc6 Qa7 27. Bd4 Rfc8 28. Rxc8+ Rxc8 29. Bxd3 cxd3 30. Rxd3 Qd7 31. Rd1 e5 32. Bxe5 Qe6 33. Qxc5 f6 34. Bc7 1-0

[Event "SUI-chT"]
[Site "Switzerland"]
[Date "2005.02.27"]
[Round "1.5"]
[White "Kuemin, Simon"]
[Black "Maeser, Fabian"]
[Result "1-0"]
[WhiteElo "2335"]
[BlackElo "2289"]
[PlyCount "65"]
[EventDate "2005.02.27"]
[EventType "team-tourn"]
[EventRounds "9"]
[EventCountry "SUI"]
[SourceTitle "EXT 2006"]
[Source "ChessBase"]
[SourceDate "2005.11.24"]
[SourceVersion "1"]
[SourceVersionDate "2005.11.24"]
[SourceQuality "1"]
[WhiteTeam "Winterthur"]
[BlackTeam "Wollishofen"]
[WhiteTeamCountry "SUI"]
[BlackTeamCountry "SUI"]

1. Nf3 d5 2. g3 c6 3. Bg2 Bg4 4. c4 Nd7 5. 0-0 Ngf6 6. d3 e6 7. cxd5 cxd5 8. Nc3 Be7 9. e4 0-0 10. exd5 Nxd5 11. Nxd5 exd5 12. h3 Bh5 13. Be3 Bc5 14. d4 Bd6 15. Qb3 Nb6 16. Ne5 Rc8 17. Rfe1 Re8 18. Nd3 Bg6 19. Nc5 Bxc5 20. dxc5 Nc4 21. Bd4 Qd7 22. Rad1 Rxe1+ 23. Rxe1 f6 24. Qb4 Bf7 25. b3 Ne5 26. Bxe5 fxe5 27. Rxe5 Qc7 28. Qg4 Rd8 29. Qd4 a5 30. Bxd5 Rf8 31. Rf5 Qe7 32. Rxf7 Rxf7 33. Qf4 1-0

[Event "Rilton Cup 34th"]
[Site "Stockholm"]
[Date "2005.01.03"]
[Round "7"]
[White "Kuemin, Simon"]
[Black "Marttala, Thomas"]
[Result "1/2-1/2"]
[WhiteElo "2392"]
[BlackElo "2245"]
[PlyCount "82"]
[EventDate "2004.12.27"]
[EventType "swiss"]
[EventRounds "9"]
[EventCountry "SWE"]
[SourceTitle "CBM 104 Extra"]
[Source "ChessBase"]
[SourceDate "2005.03.01"]
[SourceVersion "1"]
[SourceVersionDate "2005.03.01"]
[SourceQuality "1"]

1. Nf3 Nf6 2. c4 c6 3. g3 g6 4. b3 Bg7 5. Bb2 0-0 6. Bg2 d5 7. 0-0 Nbd7 8. d4 Ne4 9. Nc3 Nxc3 10. Bxc3 Nf6 11. Nd2 Bf5 12. Rc1 Qd7 13. Re1 Rfd8 14. e3 Bh3 15. Bh1 Rac8 16. Bb2 b6 17. Ba3 h5 18. Qe2 Bf5 19. Nf3 Ng4 20. Nh4 Nh6 21. Nxf5 Nxf5 22. Rc2 e6 23. Rcc1 Qb7 24. Bb2 b5 25. Rc2 bxc4 26. bxc4 Qa6 27. c5 Qxe2 28. Rcxe2 Rb8 29. Bc3 Rd7 30. Bg2 Rdb7 31. Bf1 Bf6 32. Rd2 Rb1 33. Rxb1 Rxb1 34. Kg2 Rb8 35. Ba5 Kf8 36. h3 Ke8 37. g4 Nh4+ 38. Kg3 Rb1 39. Bg2 Rg1 40. f4 hxg4 41. hxg4 g5 1/2-1/2